| 000 | nam a22 7a 4500 | ||
|---|---|---|---|
| 999 |
_c4884 _d4884 |
||
| 005 | 20210323120111.0 | ||
| 008 | 210323b2021 xxu||||| |||| 00| 0 eng d | ||
| 020 | _a9780825811432 | ||
| 040 | _aAKMAL | ||
| 082 | _a788.994 LAN | ||
| 090 |
_a788.994 _bLAN |
||
| 100 |
_aAndrew Balent and Quincy C.Hilliard _99273 |
||
| 245 |
_aSkill Builders : Warmups and Technical Studies for the Developing Performer (F Horn) _b: Book 1 |
||
| 260 |
_aNew York _bCarl Fischer |
||
| 264 |
_aNew York _bCarl Fischer |
||
| 300 |
_a16 page _c30cm |
||
| 942 |
_2ddc _cBOOK |
||